000 00529nam a2200193Ia 4500
003 OSt
005 20241004114556.0
008 210210b1987 xxu||||| |||| 00| 0 eng d
040 _cAL
041 _aKannada
082 _aK894.8 GOPC
100 _aGOPALAKRASHNA (B S).
_dಗೋಪಾಲಕೃಷ್ಣ (ಬಿ ಎಸ್)
_9181377
245 _aChintana.
_bಚಿಂತನ.
260 _aMadikeri
_bShakti Prakashana
_c1987
300 _avi,82
690 _aKannada Miscellaneous
_9181378
906 _a041184
942 _2ddc
_cBK
999 _c91004
_d91004